• 首页
  • 本馆介绍
  • 公告通知
  • 最新文献
  • 馆藏检索
  • 电子资源
  • 读者导购
  • 参考咨询
  • 我的图书馆
  • 登录
  • 详细信息显示
  • 放入我的书架
  • 预约/预借图书
  • 作者相关作品
  • 分类相关作品
  • 丛书相关作品
  • 出版社相关作品

书目信息

  • 表格格式
  • 工作单格式
  • 卡片格式
题名:
中国小说史料
    
 
作者: 孔另境 编辑
分册:  
出版信息: 上海   上海古籍出版社  1982
页数: 309页
开本: 19cm
丛书名:
单 册:
中图分类: I210.91
科图分类:
主题词: 鲁迅著作--历史著作
电子资源:
ISBN:
000 00643nam0 2200241 45
001 0182005054
005 20060622094237.34
010    @dCNY0.94
091    @a10186.359
100    @a19950613d1982 emky0chiy0121 ea
101 0  @achi
102    @aCN@b310000
105    @ay z 000yy
200 10 @a中国小说史料@AZhong Guo Xiao Shuo Shi Liao@f孔另境编辑@FKong Ling JingBian Ji
205    @a新1版
210    @a上海@c上海古籍出版社@d1982
215    @a309页@d19cm
606 0  @a鲁迅著作@x历史著作
690    @aI210.91@v3
701  0 @a孔另境@4编辑
801  2 @aCN@bNLC@c20060622
801  0 @aCN@b上海图书馆@c20060607
905    @dI210.91@e148=2
    
    中国小说史料/孔另境编辑.-新1版.-上海:上海古籍出版社,1982
    309页;19cm
    
    
    ISBN :CNY0.94
    
●
相关链接 在E读中查询图书 在五车中查询图书 在当当中查询图书 在豆瓣中查询图书


正题名:中国小说史料     索取号:I210.91/148=2         预约/预借

序号 登录号 条形码 馆藏地/架位号 状态 备注
1 0210037   002021886   第二借阅区/ [索取号:I210.91/148=2] 在馆    
2 0210038   001404652   第一样本阅览室/ [索取号:I210.91/148=2] 在馆    
3 0210038   001404634   第二借阅区/ [索取号:I210.91/148=2] 在馆    
4 0420518   204205181   密集书库/ [索取号:I210.91/148=2] 在馆    
5 0420519   204205190   密集书库/ [索取号:I210.91/148=2] 在馆    
唐山师范学院图书馆 欢迎您!
大连网信软件有限公司© 版权所有